[Event "III Open A Carnevale"]
[Site "Milano ITA"]
[Date "2012.02.15"]
[Round "1"]
[White "Altieri, Danilo Mario"]
[Black "Monticone, Sonia"]
[Result "1/2-1/2"]
[WhiteElo "1980"]
[BlackElo "1871"]
[PlyCount "49"]
[EventDate "2012.02.15"]

1. Nf3 Nf6 2. g3 d5 3. Bg2 c6 4. d4 e6 5. c3 Nbd7 6. Nbd2 Bd6 7. O-O e5 8. dxe5
Nxe5 9. Nxe5 Bxe5 10. Qc2 O-O 11. e4 dxe4 12. Nxe4 Nxe4 13. Bxe4 f5 14. Bg2 f4
15. Qe4 Qf6 16. Bxf4 Bxf4 17. Qxf4 Qxf4 18. gxf4 Bg4 19. Rfe1 Rxf4 20. Re7 Rf7
21. Rxf7 Kxf7 22. f3 Bf5 23. Rd1 Re8 24. Kf2 Re7 25. Rd2 1/2-1/2

[Event "III Open A Carnevale"]
[Site "Milano ITA"]
[Date "2012.02.15"]
[Round "1"]
[White "Arnold, Daniele"]
[Black "Pelizzola, Danilo"]
[Result "1/2-1/2"]
[WhiteElo "1829"]
[BlackElo "1963"]
[PlyCount "107"]
[EventDate "2012.02.15"]

1. e4 c5 2. Nf3 Nc6 3. d4 cxd4 4. Nxd4 Nf6 5. Nc3 e5 6. Ndb5 d6 7. Bd3 Be6 8.
Be3 a6 9. Na3 b5 10. Nab1 Be7 11. O-O O-O 12. f3 Qa5 13. Nd2 Rfc8 14. Nb3 Qd8
15. Qd2 Nb4 16. Rfd1 Nxd3 17. Qxd3 Qc7 18. Rac1 Rab8 19. Nd5 Nxd5 20. exd5 Bd7
21. c3 f5 22. f4 Qc4 23. fxe5 dxe5 24. d6 Bf6 25. Qxc4+ bxc4 26. Nc5 Rd8 27. b3
g5 28. Nxa6 Ra8 29. Nb4 cxb3 30. axb3 Ra3 31. Nd5 Kf7 32. b4 f4 33. Bb6 Rda8
34. c4 Rb3 35. c5 Bc6 36. Ba5 Rb2 37. Nxf6 Kxf6 38. d7 Rxg2+ 39. Kf1 Rxh2 40.
d8=Q+ Rxd8 41. Bxd8+ Kf5 42. Rc3 g4 43. Rd6 Bb5+ 44. Kg1 g3 45. c6 Rf2 46. Bb6
Rb2 47. Rd1 Rxb4 48. c7 Ba6 49. Ra3 Bb7 50. Ra7 Bc8 51. Ra8 Bb7 52. Rb8 Ba6 53.
Ra1 f3 54. Bc5 1/2-1/2

[Event "III Open A Carnevale"]
[Site "Milano ITA"]
[Date "2012.02.15"]
[Round "1"]
[White "Bisignano, Giuseppe"]
[Black "Montani, Francesco"]
[Result "0-1"]
[WhiteElo "1916"]
[BlackElo "2209"]
[PlyCount "86"]
[EventDate "2012.02.15"]

1. e4 e5 2. Nf3 Nc6 3. Bc4 Nf6 4. d4 exd4 5. O-O Bc5 6. e5 d5 7. exf6 dxc4 8.
Re1+ Be6 9. Ng5 Qd5 10. Nc3 Qf5 11. fxg7 Rg8 12. Nce4 Be7 13. Nxe6 fxe6 14. Ng3
Qd5 15. Bh6 O-O-O 16. f4 d3 17. c3 Bc5+ 18. Kh1 Bf2 19. Rf1 Bxg3 20. hxg3 Ne7
21. g4 Qe4 22. Qf3 Qg6 23. Qh3 Rd5 24. Rf3 d2 25. Rd1 Qc2 26. Rff1 Qe4 27. f5
exf5 28. gxf5 Rxf5 29. Rxd2 Kb8 30. Rxf5 Nxf5 31. Rd7 a6 32. Rf7 Qe1+ 33. Kh2
Qe5+ 34. Kg1 Qe1+ 35. Kh2 Qe5+ 36. Kg1 Nxg7 37. Bf4 Qe1+ 38. Kh2 Ne6 39. Qxh7
Rg4 40. g3 Ka7 41. Qh5 Qf2+ 42. Kh3 Nxf4+ 43. Rxf4 Qxg3# 0-1

[Event "III Open A Carnevale"]
[Site "Milano ITA"]
[Date "2012.02.15"]
[Round "1"]
[White "Coppola, Federico"]
[Black "Brociner, Beniamino"]
[Result "1-0"]
[WhiteElo "1814"]
[BlackElo "1951"]
[PlyCount "57"]
[EventDate "2012.02.15"]

1. e4 c5 2. Nf3 e6 3. d4 cxd4 4. Nxd4 Nf6 5. Nc3 Nc6 6. Bg5 Qa5 7. Bxf6 gxf6 8.
Ndb5 Bc5 9. Qd2 O-O 10. h4 a6 11. Rh3 Qd8 12. Nd6 Bxd6 13. Qxd6 Qe7 14. O-O-O
Qxd6 15. Rxd6 b5 16. Rhd3 Ne5 17. R3d4 Re8 18. a3 Kf8 19. f4 Nc6 20. Rd2 Ra7
21. g4 Ke7 22. R6d3 Na5 23. g5 Nc4 24. Rg2 Bb7 25. gxf6+ Kxf6 26. Rxd7 e5 27.
Bxc4 bxc4 28. f5 Rea8 29. Rxb7 1-0

[Event "III Open A Carnevale"]
[Site "Milano ITA"]
[Date "2012.02.15"]
[Round "1"]
[White "Lanzani, Mario"]
[Black "Petrone, Gianmario"]
[Result "1-0"]
[WhiteElo "2347"]
[BlackElo "1933"]
[PlyCount "85"]
[EventDate "2012.02.15"]

1. d4 Nf6 2. c4 g6 3. g3 Bg7 4. Bg2 O-O 5. Nc3 d6 6. Nf3 Nc6 7. O-O a6 8. Bf4
Rb8 9. Rc1 Bd7 10. a3 b5 11. cxb5 axb5 12. b4 Nh5 13. d5 Na7 14. Be3 Nc8 15.
Nd4 e5 16. dxe6 fxe6 17. Qb3 d5 18. Nxe6 Bxe6 19. Bxd5 Bxd5 20. Nxd5 Kh8 21.
Nxc7 Qf6 22. Ne6 Qf7 23. Rc7 Qg8 24. Rxg7 Nxg7 25. Bd4 Rb7 26. Qe3 Rff7 27.
Nxg7 Rxg7 28. Rd1 Qf8 29. Qe6 Rbe7 30. Qd5 Rxe2 31. Qxb5 Qe8 32. Qxe8+ Rxe8 33.
a4 Kg8 34. Bxg7 Kxg7 35. Rd7+ Re7 36. Rxe7+ Nxe7 37. f4 Kf6 38. Kg2 Ke6 39. Kf3
h5 40. a5 Kd5 41. a6 Nc8 42. g4 Kd4 43. f5 1-0

[Event "III Open A Carnevale"]
[Site "Milano ITA"]
[Date "2012.02.15"]
[Round "1"]
[White "Miracola, Massimiliano"]
[Black "Villalba, Fernando"]
[Result "1-0"]
[WhiteElo "2084"]
[BlackElo "1881"]
[PlyCount "97"]
[EventDate "2012.02.15"]

1. e4 c5 2. Nf3 Nc6 3. d4 cxd4 4. Nxd4 g6 5. c4 Bg7 6. Nc2 d6 7. Be2 Nf6 8. Nc3
O-O 9. O-O Ne5 10. h3 Bd7 11. f4 Nc6 12. Be3 a6 13. Qd2 Nb8 14. Rfd1 Bc6 15. e5
Ne4 16. Nxe4 Bxe4 17. Bd3 Bxd3 18. Qxd3 Nc6 19. exd6 exd6 20. Qxd6 Qh4 21. Qa3
Rfd8 22. Rd5 Qf6 23. Bb6 Re8 24. Nd4 Qxf4 25. Rf1 Qe4 26. Nxc6 bxc6 27. Rd7
Qxc4 28. Rfxf7 Re1+ 29. Kh2 Be5+ 30. g3 Re2+ 31. Rf2 Rxf2+ 32. Bxf2 Rf8 33. Rd2
h5 34. Qc5 Qe4 35. Qc2 Qxc2 36. Rxc2 h4 37. Kg2 hxg3 38. Bxg3 Bd4 39. Rxc6 Bxb2
40. Rxg6+ Kf7 41. Rxa6 Rc8 42. Ra4 Rc2+ 43. Kf3 Rc3+ 44. Kg4 Bc1 45. Bf4 Ba3
46. h4 Bc5 47. h5 Rc2 48. h6 Rg2+ 49. Kf5 1-0

[Event "III Open A Carnevale"]
[Site "Milano ITA"]
[Date "2012.02.15"]
[Round "1"]
[White "Nepi, Ezio"]
[Black "Miracola, Giorgia"]
[Result "1-0"]
[WhiteElo "1934"]
[BlackElo "1798"]
[PlyCount "43"]
[EventDate "2012.02.15"]

1. d4 Nf6 2. c4 c5 3. d5 d6 4. Nc3 g6 5. e4 b5 6. cxb5 a6 7. Nf3 Bg7 8. Qc2 O-O
9. h3 axb5 10. Bxb5 Ba6 11. Bxa6 Nxa6 12. O-O Nb4 13. Qe2 Ra6 14. Bf4 e6 15. a3
Qa8 16. Rad1 Nh5 17. Bh2 Bxc3 18. bxc3 Nxd5 19. exd5 exd5 20. Rxd5 Rxa3 21.
Rxd6 Rxc3 22. Qd2 1-0

[Event "III Open A Carnevale"]
[Site "Milano ITA"]
[Date "2012.02.15"]
[Round "1"]
[White "Papale, Carmelo"]
[Black "Bemporad, Filippo"]
[Result "0-1"]
[WhiteElo "1874"]
[BlackElo "2055"]
[PlyCount "84"]
[EventDate "2012.02.15"]

1. e4 c5 2. Nf3 d6 3. d4 cxd4 4. Nxd4 Nf6 5. Nc3 a6 6. Bg5 Nbd7 7. Bc4 Qc7 8.
Qe2 b5 9. Bb3 Bb7 10. O-O-O Nc5 11. Rhe1 e6 12. Nd5 exd5 13. exd5+ Kd7 14. Bxf6
gxf6 15. Qg4+ Kd8 16. Qh4 Nd7 17. Rd3 Qa5 18. Rde3 Rc8 19. Nc6+ Bxc6 20. dxc6
Rxc6 21. Bxf7 Qa4 22. Qxa4 bxa4 23. Re4 Nc5 24. Re8+ Kd7 25. Kd1 Rb6 26. Ra8
Bg7 27. Rxh8 Bxh8 28. Be8+ Kd8 29. Bh5 Bg7 30. Re8+ Kd7 31. Rg8 Bh6 32. Rh8 Bf4
33. Rxh7+ Kd8 34. Rh8+ Kc7 35. Rh7+ Kc6 36. b3 axb3 37. axb3 d5 38. Be8+ Kd6
39. Rf7 Be5 40. f4 Bc3 41. Rh7 Rb4 42. Bg6 Rxf4 0-1

[Event "III Open A Carnevale"]
[Site "Milano ITA"]
[Date "2012.02.15"]
[Round "1"]
[White "Reale, Simone"]
[Black "Facchetti, Gianni"]
[Result "0-1"]
[WhiteElo "1904"]
[BlackElo "2084"]
[PlyCount "160"]
[EventDate "2012.02.15"]

1. d4 Nf6 2. c4 e5 3. dxe5 Ng4 4. Nf3 Nc6 5. Bf4 Bb4+ 6. Nbd2 Qe7 7. a3 Ngxe5
8. Nxe5 Nxe5 9. e3 Bxd2+ 10. Qxd2 d6 11. Be2 a5 12. O-O a4 13. c5 dxc5 14. Qc3
f6 15. Rac1 b6 16. Bxe5 Qxe5 17. Bb5+ Ke7 18. Qd3 Be6 19. f4 Qd6 20. Qc2 Bb3
21. Qe4+ Qe6 22. Qb7 Qd6 23. Qe4+ Qe6 24. Qb7 Rhc8 25. Qf3 Kf8 26. e4 c6 27.
Bd3 Rd8 28. Rce1 Rxd3 29. Qxd3 Bc4 30. Qf3 Bxf1 31. Qxf1 b5 32. e5 g6 33. Qf2
c4 34. Qh4 Kg8 35. exf6 Qd6 36. f7+ Kxf7 37. Qxh7+ Kf6 38. Qh4+ Kf7 39. Kh1 Kg8
40. f5 Rf8 41. fxg6 Qxg6 42. h3 Rf6 43. Rd1 Rd6 44. Rf1 Qg7 45. Qe4 Rf6 46. Rd1
Qf8 47. Qg4+ Kh8 48. Qh5+ Kg8 49. Qg5+ Kh8 50. Qe5 Kg8 51. Rd4 Rg6 52. Rf4 Qd8
53. Qf5 Rg7 54. Qe6+ Kh8 55. Qxc6 Qg5 56. Qe4 Re7 57. Rh4+ Kg8 58. Qa8+ Kf7 59.
Rh7+ Ke6 60. Qc6+ Kf5 61. Qc5+ Re5 62. Qf2+ Ke4 63. Qf3+ Kd4 64. Qc3+ Kc5 65.
Rd7 Kc6 66. Rd1 Qe7 67. Qf3+ Kb6 68. Qf2+ Ka6 69. Qg3 Kb7 70. Kh2 Re2 71. Qf3+
Kb6 72. Qc3 Rxg2+ 73. Kxg2 Qe2+ 74. Kg3 Qxd1 75. Qf6+ Kc5 76. h4 Qd6+ 77. Qxd6+
Kxd6 78. Kf4 b4 79. Ke4 c3 80. Kd3 cxb2 0-1

[Event "III Open A Carnevale"]
[Site "Milano ITA"]
[Date "2012.02.15"]
[Round "1"]
[White "Swannie, Douglas"]
[Black "Pace, Pietro Dario"]
[Result "0-1"]
[WhiteElo "1932"]
[BlackElo "2294"]
[PlyCount "66"]
[EventDate "2012.02.15"]

1. d4 Nf6 2. c4 g6 3. Nc3 d5 4. cxd5 Nxd5 5. e4 Nxc3 6. bxc3 Bg7 7. Nf3 O-O 8.
Rb1 c5 9. Be2 Nc6 10. d5 Na5 11. c4 e5 12. h3 b6 13. Bg5 f6 14. Bd2 Nb7 15. O-O
Nd6 16. Bd3 f5 17. Bg5 Qe8 18. Nd2 h6 19. Bh4 g5 20. Bg3 f4 21. Bh2 Qg6 22. f3
h5 23. Qe1 g4 24. hxg4 hxg4 25. fxg4 Bxg4 26. Nf3 Bf6 27. Rb3 Qh5 28. Bxf4 exf4
29. e5 Rae8 30. Qb1 Rxe5 31. Bg6 Qh6 32. Nh2 Bd7 33. Rbf3 Rg5 0-1

[Event "III Open A Carnevale"]
[Site "Milano ITA"]
[Date "2012.02.15"]
[Round "1"]
[White "Vezzosi, Paolo"]
[Black "D'Orta, Antonio"]
[Result "1-0"]
[WhiteElo "2282"]
[BlackElo "1920"]
[PlyCount "49"]
[EventDate "2012.02.15"]

1. d4 c6 2. c4 d5 3. Nf3 Nf6 4. e3 g6 5. Nc3 Bg7 6. Bd3 O-O 7. O-O Bg4 8. h3
Bh5 9. g4 Nxg4 10. hxg4 Bxg4 11. cxd5 e6 12. dxc6 Nxc6 13. Be2 f5 14. d5 Ne5
15. Nxe5 Bxe5 16. Bxg4 fxg4 17. Qxg4 Rf5 18. e4 Rh5 19. Be3 Rc8 20. Rfc1 Kg7
21. dxe6 Rh4 22. Qf3 Bh2+ 23. Kg2 Qd6 24. Qf7+ Kh8 25. Qf6+ 1-0

[Event "III Open A Carnevale"]
[Site "Milano ITA"]
[Date "2012.02.15"]
[Round "1"]
[White "Virzi, Ettore"]
[Black "Marchini, Daniele"]
[Result "1-0"]
[WhiteElo "1960"]
[BlackElo "1820"]
[PlyCount "79"]
[EventDate "2012.02.15"]

1. e4 c5 2. Nf3 d6 3. d4 cxd4 4. Nxd4 Nf6 5. Nc3 a6 6. Bg5 e6 7. f4 b5 8. e5
dxe5 9. fxe5 Qc7 10. exf6 Qe5+ 11. Be2 Qxg5 12. O-O Ra7 13. Qd3 Rd7 14. Ne4 Qe5
15. Nf3 Qxb2 16. Qe3 Bb7 17. c4 bxc4 18. Rab1 Qc2 19. fxg7 Bxg7 20. Rxb7 O-O
21. Rxd7 Nxd7 22. Rc1 Qxa2 23. Bxc4 Qa4 24. Nc5 Nxc5 25. Qxc5 Bb2 26. Rf1 Qc2
27. Qg5+ Kh8 28. Qd2 Qxd2 29. Nxd2 a5 30. Rb1 Bd4+ 31. Kf1 a4 32. Ke2 a3 33.
Rb4 Rc8 34. Bxe6 fxe6 35. Rxd4 Ra8 36. Nb3 Rb8 37. Nc1 Rb1 38. Rd1 Kg7 39. Na2
Kf6 40. Rxb1 1-0

[Event "III Open A Carnevale"]
[Site "Milano ITA"]
[Date "2012.02.15"]
[Round "2"]
[White "Bemporad, Filippo"]
[Black "Vezzosi, Paolo"]
[Result "0-1"]
[WhiteElo "2055"]
[BlackElo "2282"]
[PlyCount "52"]
[EventDate "2012.02.15"]

1. d4 Nf6 2. Nf3 d5 3. g3 c6 4. Bg2 Bf5 5. O-O e6 6. c4 dxc4 7. Ne5 Nbd7 8.
Nxc4 Be7 9. Nbd2 Nb6 10. Nxb6 axb6 11. Nc4 O-O 12. Bf4 b5 13. Ne5 Ra4 14. Nf3
Be4 15. b3 Ra3 16. Bc1 Ra6 17. Bb2 Ba3 18. Qc1 Qe7 19. Rd1 Rfa8 20. Ne5 Bxg2
21. Kxg2 b4 22. Nd3 Ne4 23. Nc5 Nxc5 24. Bxa3 Nxb3 25. Bxb4 Qxb4 26. Qb2 Qa3
0-1

[Event "III Open A Carnevale"]
[Site "Milano ITA"]
[Date "2012.02.15"]
[Round "2"]
[White "Brociner, Beniamino"]
[Black "Altieri, Danilo Mario"]
[Result "1-0"]
[WhiteElo "1951"]
[BlackElo "1980"]
[PlyCount "57"]
[EventDate "2012.02.15"]

1. e4 d5 2. exd5 Nf6 3. d4 Nxd5 4. Nf3 g6 5. Be2 Bg7 6. O-O O-O 7. c4 Nb6 8.
Nc3 Nc6 9. d5 Ne5 10. c5 Nxf3+ 11. Bxf3 Nd7 12. Be3 Ne5 13. Be2 Nd7 14. Qb3 Nf6
15. Rad1 b6 16. Rfe1 Ng4 17. Bxg4 Bxg4 18. f3 Bf5 19. Bg5 Bf6 20. d6 exd6 21.
Bxf6 Qxf6 22. Nd5 Qg5 23. Qc3 f6 24. f4 Qh6 25. Nxf6+ Kf7 26. Nd5 Kg8 27. Ne7+
Kf7 28. cxd6 c5 29. Nd5 1-0

[Event "III Open A Carnevale"]
[Site "Milano ITA"]
[Date "2012.02.16"]
[Round "2"]
[White "D'Orta, Antonio"]
[Black "Papale, Carmelo"]
[Result "1-0"]
[WhiteElo "1920"]
[BlackElo "1874"]
[PlyCount "85"]
[EventDate "2012.02.15"]

1. e4 c5 2. Nc3 e6 3. Nf3 a6 4. d4 cxd4 5. Nxd4 Bb4 6. Bd3 Qc7 7. O-O Nf6 8.
Bg5 Nc6 9. Nxc6 Qxc6 10. Qf3 Bxc3 11. bxc3 Qxc3 12. Rab1 Qe5 13. Bf4 Qh5 14.
Qxh5 Nxh5 15. Bd6 b5 16. Rfe1 Bb7 17. a4 Bc6 18. axb5 axb5 19. Bxb5 Nf6 20.
Bxc6 dxc6 21. c4 Kd8 22. c5 Nd7 23. Ra1 Rc8 24. e5 h5 25. Ra7 h4 26. Rb1 Rh5
27. f4 Ke8 28. Rbb7 Rd8 29. Bc7 Nxc5 30. Bxd8 Nxb7 31. Bb6 g5 32. fxg5 Rxg5 33.
Rxb7 h3 34. g3 Rxe5 35. Bc7 Rd5 36. Bf4 Ra5 37. Rb2 Ke7 38. Kf2 Rf5 39. Kf3 Rh5
40. Kg4 Rh8 41. Be5 Rh7 42. Rb7+ Kd8 43. Bf6+ 1-0

[Event "III Open A Carnevale"]
[Site "Milano ITA"]
[Date "2012.02.16"]
[Round "2"]
[White "Facchetti, Gianni"]
[Black "Lanzani, Mario"]
[Result "1/2-1/2"]
[WhiteElo "2084"]
[BlackElo "2347"]
[PlyCount "46"]
[EventDate "2012.02.15"]

1. e4 c5 2. Nf3 e6 3. c3 Nf6 4. e5 Nd5 5. g3 Nc6 6. Bg2 Qc7 7. Qe2 d6 8. exd6
Bxd6 9. Na3 O-O 10. Nb5 Qe7 11. d4 cxd4 12. Nbxd4 Nxd4 13. Nxd4 Qf6 14. O-O Bc5
15. Nc2 Qe7 16. c4 Nf6 17. Be3 Bxe3 18. Nxe3 Qc7 19. Rfd1 Bd7 20. Ng4 Nxg4 21.
Qxg4 Rfd8 22. b3 a5 23. Qe2 Bc6 1/2-1/2

[Event "III Open A Carnevale"]
[Site "Milano ITA"]
[Date "2012.02.15"]
[Round "2"]
[White "Gonella, Daniele"]
[Black "Nepi, Ezio"]
[Result "1-0"]
[WhiteElo "2100"]
[BlackElo "1934"]
[PlyCount "79"]
[EventDate "2012.02.15"]

1. e4 c5 2. Nc3 Nc6 3. d3 g6 4. g3 Bg7 5. Bg2 d6 6. f4 Rb8 7. Nf3 Bg4 8. h3
Bxf3 9. Qxf3 e6 10. O-O Nge7 11. Be3 O-O 12. a3 b5 13. e5 Nd4 14. Qd1 Nef5 15.
Bf2 dxe5 16. fxe5 Bxe5 17. Ne4 Qc7 18. c3 Nc6 19. g4 Bh2+ 20. Kh1 Ng3+ 21. Nxg3
Bxg3 22. Bxg3 Qxg3 23. Bxc6 Qxh3+ 24. Kg1 Rfd8 25. Qf3 Qxf3 26. Bxf3 Rxd3 27.
Rad1 Rbd8 28. Be2 Rd2 29. Kf2 b4 30. axb4 cxb4 31. cxb4 R8d4 32. b5 e5 33. Rxd2
Rxd2 34. b3 Kg7 35. Ke3 Rb2 36. Bc4 f6 37. Ra1 f5 38. Rxa7+ Kh6 39. gxf5 gxf5
40. b6 1-0

[Event "III Open A Carnevale"]
[Site "Milano ITA"]
[Date "2012.02.16"]
[Round "2"]
[White "Marchini, Daniele"]
[Black "Guzzetti, Luigi Enrico"]
[Result "1-0"]
[WhiteElo "1820"]
[BlackElo "1905"]
[PlyCount "107"]
[EventDate "2012.02.15"]

1. d4 Nf6 2. c4 g6 3. Nc3 Bg7 4. e4 d6 5. Nf3 O-O 6. Be2 c6 7. O-O Qc7 8. Be3
Nbd7 9. Qc2 a6 10. h3 b6 11. b4 Re8 12. Rac1 Bb7 13. Rfd1 Rac8 14. a4 e5 15.
dxe5 Nxe5 16. Nxe5 dxe5 17. b5 axb5 18. axb5 c5 19. Nd5 Bxd5 20. exd5 Qd6 21.
Ra1 Ra8 22. Ra6 Rxa6 23. bxa6 Ra8 24. Qa4 Qd7 25. Qb5 Qxb5 26. cxb5 Nd7 27. Bc4
Kf8 28. d6 Ra7 29. Bd5 h6 30. Bc6 Ke8 31. Bxc5 bxc5 32. Rb1 Kd8 33. b6 Nxb6 34.
Rxb6 Kc8 35. Bb7+ Kd7 36. Rc6 Bf8 37. Rxc5 Bxd6 38. Rc3 Ke6 39. Kf1 f5 40. Ke2
e4 41. Rc4 Ke5 42. Rc8 Kf6 43. Ke3 g5 44. Kd4 Bh2 45. Rc2 Ke6 46. Rc6+ Bd6 47.
Kc4 Kd7 48. Kb5 Be5 49. Rc5 Bd6 50. Rxf5 Ke6 51. Bc8+ Ke7 52. Kb6 Rc7 53. Bb7
Rc4 54. a7 1-0

[Event "III Open A Carnevale"]
[Site "Milano ITA"]
[Date "2012.02.15"]
[Round "2"]
[White "Montani, Francesco"]
[Black "Virzi, Ettore"]
[Result "1-0"]
[WhiteElo "2209"]
[BlackElo "1960"]
[PlyCount "33"]
[EventDate "2012.02.15"]

1. e4 e5 2. Bc4 Nc6 3. d3 Nf6 4. Nc3 Bb4 5. Bg5 h6 6. Bh4 Na5 7. Nge2 Nxc4 8.
dxc4 d6 9. Qd3 Be6 10. O-O-O g5 11. Bg3 Qd7 12. h4 g4 13. h5 Bxc3 14. Nxc3 Nh7
15. Qe3 Ng5 16. Bxe5 Rg8 17. c5 1-0

[Event "III Open A Carnevale"]
[Site "Milano ITA"]
[Date "2012.02.16"]
[Round "2"]
[White "Monticone, Sonia"]
[Black "Arnold, Daniele"]
[Result "0-1"]
[WhiteElo "1871"]
[BlackElo "1829"]
[PlyCount "88"]
[EventDate "2012.02.15"]

1. e4 c6 2. d4 d5 3. e5 Bf5 4. Nc3 e6 5. g4 Bg6 6. Nge2 c5 7. Nf4 cxd4 8. Nxg6
hxg6 9. Qxd4 Nd7 10. Bb5 a6 11. Bxd7+ Qxd7 12. Bg5 Qc7 13. Qa4+ Qc6 14. O-O-O
Bc5 15. f4 f6 16. exf6 gxf6 17. Rhe1 Kf7 18. f5 fxg5 19. fxe6+ Kg7 20. Rxd5
Qxa4 21. Nxa4 Be7 22. Rd7 b5 23. Nb6 Rd8 24. Nd5 Rxd7 25. exd7 Bd8 26. Re6 Nf6
27. Nxf6 Bxf6 28. Re8 Rf8 29. Rc8 Rd8 30. Rc7 Be5 31. Ra7 Bxh2 32. c3 Kf6 33.
Rxa6+ Ke5 34. Rxg6 Kf4 35. Rf6+ Kxg4 36. Rf7 Kh3 37. Rh7+ Kg3 38. Kd2 g4 39.
Ke2 Kg2 40. b3 g3 41. Rf7 Kh1 42. Rf1+ Bg1 43. Rf7 g2 44. Kf3 Bh2 0-1

[Event "III Open A Carnevale"]
[Site "Milano ITA"]
[Date "2012.02.16"]
[Round "2"]
[White "Montoli, Marco"]
[Black "Swannie, Douglas"]
[Result "1-0"]
[WhiteElo "1904"]
[BlackElo "1932"]
[PlyCount "65"]
[EventDate "2012.02.15"]

1. c4 Nc6 2. Nf3 e5 3. d3 Nf6 4. g3 Nd4 5. Bg2 Nxf3+ 6. Bxf3 Bb4+ 7. Bd2 Qe7 8.
Nc3 c6 9. a3 Bxc3 10. Bxc3 d6 11. Bg2 O-O 12. O-O Bg4 13. Qc2 Qd7 14. d4 Bf5
15. e4 Bh3 16. dxe5 Bxg2 17. Kxg2 Nh5 18. Qd1 g6 19. exd6 c5 20. f3 Rad8 21. e5
Rfe8 22. Qd2 Ng7 23. Rae1 h5 24. h3 Kh7 25. Qd5 Ne6 26. f4 Rh8 27. Qf3 Ng7 28.
g4 Rhg8 29. Kh2 Ne6 30. f5 Ng5 31. Qf4 hxg4 32. Qxg5 g3+ 33. Qxg3 1-0

[Event "III Open A Carnevale"]
[Site "Milano ITA"]
[Date "2012.02.16"]
[Round "2"]
[White "Pace, Pietro Dario"]
[Black "Miracola, Massimiliano"]
[Result "0-1"]
[WhiteElo "2294"]
[BlackElo "2084"]
[PlyCount "94"]
[EventDate "2012.02.15"]

1. d4 Nf6 2. c4 g6 3. Nc3 Bg7 4. e4 d6 5. f3 O-O 6. Be3 c5 7. d5 e6 8. Nh3 exd5
9. cxd5 Bxh3 10. gxh3 a6 11. Bg2 Nbd7 12. O-O b5 13. b3 Re8 14. Ne2 Nb6 15. Bg5
h6 16. Bh4 g5 17. Bf2 Nfxd5 18. Rc1 Nf4 19. Nxf4 gxf4 20. Kh1 Be5 21. h4 Kh8
22. Bh3 Rg8 23. Qe2 Qf6 24. Rfd1 Nc8 25. Qe1 h5 26. Qa5 Ne7 27. Qc7 Ng6 28. Rd5
Nxh4 29. Bxc5 Rad8 30. Rxe5 Qxe5 31. Bb4 f6 32. Rf1 Qg5 33. Qa7 Rg7 34. Qf2
Rdg8 35. Be6 Re8 36. Bh3 Rg6 37. Bxd6 f5 38. e5 Rc8 39. Ba3 Rc3 40. e6 Rxf3 41.
Qd4+ Kh7 42. Bb2 Rxf1+ 43. Bxf1 Rg8 44. Qf2 Qe7 45. Qb6 Nf3 46. Bg2 Nxh2 47.
Kxh2 Qh4+ 0-1

[Event "III Open A Carnevale"]
[Site "Milano ITA"]
[Date "2012.02.26"]
[Round "2"]
[White "Pelizzola, Danilo"]
[Black "Coppola, Federico"]
[Result "1/2-1/2"]
[WhiteElo "1963"]
[BlackElo "1814"]
[PlyCount "129"]
[EventDate "2012.02.15"]

1. e4 c5 2. Nf3 d6 3. Bb5+ Bd7 4. Bxd7+ Qxd7 5. O-O Nc6 6. b3 Nf6 7. Nc3 g6 8.
Bb2 Bg7 9. Nd5 O-O 10. Nxf6+ exf6 11. d4 f5 12. exf5 Qxf5 13. Qd2 Rfe8 14. c4
Re7 15. Rfe1 Rae8 16. Rxe7 Rxe7 17. Kf1 cxd4 18. Rd1 Re4 19. Re1 Rxe1+ 20. Nxe1
d5 21. Qd3 Qxd3+ 22. Nxd3 dxc4 23. bxc4 Ne5 24. Nxe5 Bxe5 25. h3 Kf8 26. Ke1
Ke7 27. Kd2 Kd6 28. Ba3+ Kc6 29. Kd3 f5 30. Bb4 b5 31. Be7 a5 32. Bd8 Kc5 33.
Be7+ Kc6 34. cxb5+ Kxb5 35. f3 Bg7 36. Bd8 Be5 37. g4 h5 38. Be7 Bg7 39. g5 Be5
40. Bf6 Bf4 41. Kxd4 Kc6 42. a4 Kd6 43. Kc4 Kc6 44. Bd8 Bd2 45. Bf6 Bf4 46. Kd4
Kd6 47. Kd3 Kd7 48. Bc3 Bc7 49. Be1 Ke6 50. Kc4 Ke5 51. Bg3+ f4 52. Be1 Kf5 53.
h4 Bd8 54. Kd5 Bb6 55. Kc6 Bd8 56. Kb5 Ke6 57. Bxa5 Bxg5 58. Bb6 Bxh4 59. Bc7
Be1 60. Bxf4 Kf5 61. Bd6 h4 62. a5 Bxa5 63. Kxa5 g5 64. Kb4 g4 65. fxg4+
1/2-1/2

[Event "III Open A Carnevale"]
[Site "Milano ITA"]
[Date "2012.02.16"]
[Round "2"]
[White "Petrone, Gianmario"]
[Black "Reale, Simone"]
[Result "0-1"]
[WhiteElo "1933"]
[BlackElo "1904"]
[PlyCount "70"]
[EventDate "2012.02.15"]

1. e4 c5 2. Nf3 d6 3. d4 cxd4 4. Nxd4 Nf6 5. Nc3 a6 6. Bg5 e6 7. f4 Nbd7 8. Qf3
Qc7 9. O-O-O b5 10. Bxb5 axb5 11. Ndxb5 Qb8 12. e5 Bb7 13. Qe2 dxe5 14. Qc4 Bc5
15. Bxf6 gxf6 16. Kb1 Qc8 17. Ne4 Bxe4 18. Qxe4 Ra6 19. fxe5 Nxe5 20. Rhf1 Be7
21. g4 Qc6 22. Qxc6+ Rxc6 23. h3 h5 24. gxh5 Rxh5 25. Rh1 Nc4 26. a4 f5 27. b3
Ne3 28. Rd2 f4 29. Nd4 Rd6 30. c4 e5 31. Nf3 e4 32. Rxd6 Bxd6 33. Nd2 Re5 34.
h4 Ng4 35. Re1 e3 0-1

[Event "III Open A Carnevale"]
[Site "Milano ITA"]
[Date "2012.02.16"]
[Round "2"]
[White "Villalba, Fernando"]
[Black "Bisignano, Giuseppe"]
[Result "1-0"]
[WhiteElo "1881"]
[BlackElo "1916"]
[PlyCount "110"]
[EventDate "2012.02.15"]

1. d4 Nf6 2. Nf3 e6 3. Bf4 d6 4. e3 Be7 5. h3 O-O 6. Be2 Nbd7 7. c3 c5 8. O-O
Qc7 9. Nbd2 e5 10. dxe5 dxe5 11. Bh2 Rd8 12. Qc2 Nd5 13. Nc4 f6 14. Na3 a6 15.
Bc4 N7b6 16. Bd3 g6 17. Rad1 Be6 18. Be2 c4 19. Nb1 Nd7 20. Nbd2 b5 21. a3 a5
22. Nd4 Qb6 23. Nxe6 Qxe6 24. a4 Rac8 25. axb5 N5b6 26. Bf3 Nc5 27. Bc6 Nd3 28.
b3 cxb3 29. Nxb3 a4 30. Nd2 Rxc6 31. bxc6 Qxc6 32. Nf3 e4 33. Nd4 Qc4 34. Ra1
a3 35. Rfb1 Na4 36. Qb3 Rc8 37. Qxc4+ Rxc4 38. Rb8+ Kf7 39. Rb7 Ke8 40. Nb5
Nxc3 41. Rb8+ Kf7 42. Nd6+ Bxd6 43. Bxd6 a2 44. Ra8 Ne2+ 45. Kh2 Nec1 46. Ba3
Rc2 47. Ra7+ Ke6 48. Bxc1 Nxc1 49. Kg1 f5 50. g4 h5 51. gxh5 gxh5 52. Kg2 f4
53. Rxc1 Rxc1 54. Rxa2 h4 55. exf4 Kf5 1-0

[Event "III Open A Carnevale"]
[Site "Milano ITA"]
[Date "2012.02.17"]
[Round "3"]
[White "Altieri, Danilo Mario"]
[Black "Marchini, Daniele"]
[Result "1/2-1/2"]
[WhiteElo "1980"]
[BlackElo "1820"]
[PlyCount "72"]
[EventDate "2012.02.15"]

1. Nf3 d5 2. g3 Nf6 3. Bg2 c6 4. d3 Bg4 5. c3 Nbd7 6. Nbd2 e5 7. Qc2 Bd6 8. O-O
O-O 9. Re1 Qc7 10. e4 Rfe8 11. Nf1 dxe4 12. dxe4 a5 13. Ne3 Bc5 14. h3 Be6 15.
Ng5 Nf8 16. Nxe6 Nxe6 17. Nf5 Qb6 18. Qe2 g6 19. Nh6+ Kg7 20. Qf3 Re7 21. g4
Nf4 22. Bxf4 exf4 23. e5 Nd5 24. c4 Nc7 25. Qxf4 Ne6 26. Nf5+ gxf5 27. Qxf5 Rg8
28. Be4 Kf8 29. Kh1 Qxb2 30. Rab1 Qxf2 31. Qxh7 Ng5 32. Qh6+ Ke8 33. Bxc6+ bxc6
34. Qxc6+ Kf8 35. Qh6+ Ke8 36. Qc6+ Kf8 1/2-1/2

[Event "III Open A Carnevale"]
[Site "Milano ITA"]
[Date "2012.02.17"]
[Round "3"]
[White "Bisignano, Giuseppe"]
[Black "Swannie, Douglas"]
[Result "0-1"]
[WhiteElo "1916"]
[BlackElo "1932"]
[PlyCount "90"]
[EventDate "2012.02.15"]

1. e4 e5 2. Nf3 Nc6 3. Bc4 Nf6 4. d4 exd4 5. O-O Bc5 6. Re1 O-O 7. e5 d5 8.
exf6 dxc4 9. fxg7 Re8 10. Ng5 Bf5 11. Na3 d3 12. Bf4 Nd4 13. cxd3 cxd3 14. Qd2
Ne2+ 15. Kh1 Qd5 16. Be3 Bxe3 17. fxe3 Be4 18. Nxe4 Qxe4 19. Nc2 Re6 20. Qb4
Rh6 21. Qxe4 Ng3+ 22. Kg1 Nxe4 23. Nd4 Rf6 24. Rf1 Rxf1+ 25. Rxf1 d2 26. Nf3
Rd8 27. Rd1 Rd3 28. Kf1 Rxe3 29. Nxd2 Rd3 30. Ke2 Rxd2+ 31. Rxd2 Nxd2 32. Kxd2
Kxg7 33. Kd3 Kf6 34. Ke4 Ke6 35. g4 f6 36. b4 c6 37. h4 h6 38. a4 b6 39. Kd4 a6
40. a5 bxa5 41. bxa5 Kd6 42. h5 c5+ 43. Kc3 Kd5 44. Kd3 c4+ 45. Kc2 Kc5 0-1